00417nam a2200157Ia 45000010006000000050017000060080041000230410008000640820018000721000045000902450067001352600009002023000032002116500008002436540008002511465220260306164930.0260306t2013||||xx |||||||||||||| ||spa|| aESP a515.392bN544 aNikravesh, Seyed Kamaleddin YadavareAUT 0aNonlinear systems stability analysis:blyapunov-based approach c2013 axi, 307 páginas :c24 cm. aGEN aCMA